000 00476nam a2200193Ia 4500
003 OSt
005 20221005130423.0
006 a|||||r|||| 00| 0
007 ta
008 221004b |||||||| |||| 00| 0 eng d
024 _a111801
037 _cTextual
040 _aCRL
_cCRL
_beng
041 _2eng
_aeng
245 0 _aReport of Enquiry to examin the Basis of Inner cost and remuneration ----
260 _c1955
942 _cTEXL
_2cc
999 _c1057114
_d1057114